Paroles Miracle - Tip Stevens - Statistiques

Statistiques générales
  • Ce quiz a été pris 67 fois
  • Le résultat moyen est 173 sur 202
Statistiques - réponses
Lyrics % Correct
a
97%
I
97%
in
97%
miracle,
97%
miracle
97%
us
97%
We
97%
we
97%
and
95%
catch
95%
Come
95%
never
95%
on
95%
on,
95%
stop,
95%
stop
95%
the
95%
the,
95%
you
95%
You
95%
are
92%
it
92%
Such
92%
such
92%
is
89%
sun
89%
to
89%
when
89%
You'll
89%
you'll
89%
coming
87%
down
87%
your
87%
can
84%
Even
84%
even
84%
unstoppable
84%
if
82%
make
82%
try
82%
we're
82%
We're
82%
invincible,
79%
know
79%
really
79%
trying
79%
want
76%
free
74%
invisible,
74%
It's
74%
faster
71%
hands
71%
light
71%
up
71%
be
68%
gave
68%
one
68%
Still
68%
untouchable
68%
breath
63%
always
61%
Give
61%
so
61%
chance
58%
end
58%
go
58%
have
58%
run
58%
but
55%
Cause
55%
handcuffs
55%
let
55%
sweat
55%
break
53%
just
53%
chains
50%
I'll
45%
swear
45%
Tell
45%
them
45%
might
34%
put
34%
inevitable,
32%
Aucun quiz correspondant
Distribution des résultats
% des personnes avec chaque résultat
Percentile par nombre de réponses
Votre historique - résultats
Vous n’avez pas pris ce quiz